00279nam a22000857a 4500008004100000082001200041100005900053245006500112300001600177230522b |||||||| |||| 00| 0 eng d a579.23  aBeena Philomina, Anitha PM, Shabina MB, Sarada Devi KL aAnanthanarayan and Paniker's textbook of Microbiology bMCQs a72 p.c21cm